Catálogo
 En Linea

Bioetiplaza. (Registro nro. 36619)

Detalles MARC
000 -CABECERA
campo de control de longitud fija 00618nas a2200193 4500
001 - NÚMERO DE CONTROL
campo de control 000037129
003 - IDENTIFICADOR DEL NÚMERO DE CONTROL
campo de control DLC
005 - FECHA Y HORA DE LA ÚLTIMA TRANSACCIÓN
campo de control 20200930080147.0
008 - DATOS DE LONGITUD FIJA--INFORMACIÓN GENERAL
campo de control de longitud fija 120216c20019999dr tr1p dd 0 0spa d
040 ## - FUENTE DE LA CATALOGACIÓN
Centro catalogador/agencia de origen DO-SdBNP
Lengua de catalogación spa
Centro/agencia transcriptor BNPHU
043 ## - CÓDIGO DE ÁREA GEOGRÁFICA
Código de área geográfica dwdr
245 00 - MENCIÓN DE TÍTULO
Título Bioetiplaza.
246 13 - FORMA VARIANTE DE TÍTULO
Título propio/Titulo breve Bioetiplaza :
Resto del título Hospital General Plaza de la Salud
260 ## - PUBLICACIÓN, DISTRIBUCIÓN, ETC.
Lugar de publicación, distribución, etc. Santo Domingo :
Nombre del editor, distribuidor, etc. Hospital General Plaza de la Salud,
Fecha de publicación, distribución, etc. 2001.
300 ## - DESCRIPCIÓN FÍSICA
Extensión v. :
Otras características físicas il. ;
Dimensiones 28 cm.
310 ## - PERIODICIDAD ACTUAL
Periodicidad actual Tres veces por año
362 1# - FECHAS DE PUBLICACIÓN Y/O DESIGNACIÓN SECUENCIAL
Fecha de publicación y/o designación secuencial v. 1. no. 1 (enero - abril del 2001)
500 ## - NOTA GENERAL
Nota general Catalogación basada en el ejemplar v. 1. no. 1 (enero - abril del 2001)
Existencias
Estado de retiro Estado de pérdida Especificación de materiales (volumen encuadernado u otra parte) Restricciones de uso No para préstamo Código de colección Localización permanente Ubicación/localización actual Ubicación en estantería Fecha de adquisición Fuente de adquisición Enumeración/cronología de publicación seriada Número de inventario Total de préstamos Signatura topográfica completa Código de barras Fecha visto por última vez Precio válido a partir de Tipo de ítem Koha Nota pública
    Préstamo en sala Préstamo en sala   Hemeroteca Patrimonio Dominicano Patrimonio Dominicano Ordenador y recibido 16.04.2012 4 v. 1. no. 1 (enero - abril del 2001) 201204162012041620111113   no. 1 37129-1-1-1 08.08.2020 08.08.2020 Publicación periódica Edición especial: 25 aniversario

Con tecnología Koha